Statystyki dla Piłkarze Bayernu Monachium

Kliknij tutaj aby rozwiązać quiz!

Ogólne statystyki

  • Ten quiz został rozwiązany 79 razy
  • Średni wynik to 14 z 27

Statystyki odpowiedzi

PiłkarzNarodowośćPozycja% Poprawnych
NeuerNiemcyBramkarz
96%
KaneAngliaNapastnik
78%
SaneNiemcyNapastnik
73%
DaviesKanadaObrońca
71%
De LigtHolandiaObrońca
71%
KimmichNiemcyPomocnik
70%
GoretzkaNiemcyPomocnik
67%
MullerNiemcyNapastnik
67%
MusialaNiemcyPomocnik
66%
GnabryNiemcyNapastnik
64%
ComanFrancjaNapastnik
63%
UpamecanoFrancjaObrońca
62%
UlreichNiemcyBramkarz
56%
DierAngliaObrońca
55%
Choupo-MotingKamerunNapastnik
53%
GuerreiroPortugaliaObrońca
53%
TelFrancjaNapastnik
51%
LaimerAustriaPomocnik
48%
MazraouiMarokoObrońca
44%
SarrSenegalObrońca
44%
PavlovicNiemcyPomocnik
33%
ZaragozaHiszpaniaNapastnik
32%
PeretzIzraelBramkarz
29%
BoeyFrancjaObrońca
26%
Min-Jae KimKorea PołudniowaObrońca
19%
HulsmannNiemcyBramkarz
10%
BuchmannNiemcyObrońca
7%

Rozkład punktacji

Percentyl według liczby udzielonych odpowiedzi

Procent ludzi z każdym wynikiem

Twoja historia wyników

Nie rozwiązałeś tego quizu